| 000 | 01241nam a22002417a 4500 | ||
|---|---|---|---|
| 005 | 20081114100930.0 | ||
| 008 | 081114t xxu||||| |||| 00| 0 hin d | ||
| 010 | _aHIN-84898 | ||
| 020 |
_c800.00 _a9788190647748 |
||
| 035 | _aHN-57244 | ||
| 037 | _bDBAD / PUB | ||
| 040 |
_aDPL _bHN |
||
| 082 | _a250.91 | ||
| 100 | _aदानपाल सिंह | ||
| 245 |
_aभारत के प्रमुख बौद्ध केन्द्रः _cदानपाल सिंह _b(तथागत की चारिका से संबद्ध) / |
||
| 260 |
_aनई दिल्ली _bसत्यम पब्लिशिंग हाऊस _c2008 |
||
| 270 |
_aएन3/25, मोहन गार्डन _bनई दिल्ली _e110059 _k011 25358642 |
||
| 300 |
_axx,392पृ _c22सेमी (सजिल्द) _bसचित्र |
||
| 650 |
_aबौद्ध धर्म _xइतिहास _zभारत |
||
| 650 |
_aBuddhism _xHistory _zIndia |
||
| 942 |
_2ddc _cHN _mदानपा _h250.91 |
||
| 999 |
_c18442 _d18442 |
||